00917 2200325 4500001002100000005001500021035002000036007000300056040001700059100003100076245007900107250001200186300003300198504002600231020001800257041000800275090001900283264003800302336002100340337003000361338002300391650001100414700002500425850001000450008004100460990002300501990002100524990002300545990002300568INLIS00000000000887620260513024459 a0010-1022000251ta aSBPUPADbind0 aWiji Kurniawan;ePengarang1 aKumpulan Cord Gitareligi Sepanjang Masa /cWiji Kurniawan;Editor; Nurjanah a.-cet.1 a120 hlm. :bilus. ;c15x23cm abibiliografi, 119 hlm a602-7993-66-9 aind a787 WIJ k 23-8 a.--Jakarta :bKunci Aksara,c2014 2rdacontentateks 2rdamediaatanpa perantara 2rdacarrieravolume 4aMusik/ aNurjanah,ePengarang aPUPAD260513 0  a22. 576/KAPD//16/b a22.575/KAPD/16/B a22.574/KAPD/2016/B a22.577/KAPD/2016/B